00591nam a2200181Ia 4500003000900000008004100009040001600050080001500066100002300081245008500104260005000189300001500239650002100254650002700275942000700302999001100309952008900320IN-BaIIA211028s9999 xx 000 0 eng d cIIA Library a910.4bLAU aLaursen, Viggo946 0aAnne polaire internationale 1932-33bobservations faites a thulecViggo Laursen  a CopenhagenbI Kommission Hos G E G Gadc1943 axxix, 53p. aGeomagnetism947 aGreenland- Qaanaaq948 cBK c61d61 00104070aBANbKODcGENd0000-00-00l0o910.4/ LAUp13r2021-11-05w0000-00-00yBK